|
|
|
|
| LEADER |
00000nas1a2200000 4500 |
| 001 |
380273 |
| 005 |
20231101062645.0 |
| 011 |
|
|
|a 0001-5709
|
| 035 |
|
|
|a (RuTPU)RU\TPU\prd\1093
|
| 035 |
|
|
|a BOOK00001094
|
| 090 |
|
|
|a 380273
|
| 100 |
|
|
|a 20011210d19561990k y0poly50 ba
|
| 101 |
0 |
|
|a pol
|
| 102 |
|
|
|a PL
|
| 110 |
|
|
|a aha uu0
|
| 200 |
1 |
|
|a Acta Geologica Polonica
|e magazine
|f Polska Akademia Nauk
|
| 210 |
|
|
|a Warszawa
|c Panstwowe Wydawnictwo Naukowe
|d 1956-1990
|
| 326 |
|
|
|a 4 номера в год
|
| 610 |
1 |
|
|a геология
|
| 610 |
1 |
|
|a геологоразведочные работы
|
| 610 |
1 |
|
|a Польша
|
| 712 |
0 |
2 |
|a Polska Akademia Nauk
|
| 801 |
|
0 |
|a RU
|b 63413507
|c 20011210
|g PSBO
|
| 801 |
|
2 |
|a RU
|b 63413507
|c 20160928
|g RCR
|
| 856 |
4 |
|
|u https://geojournals.pgi.gov.pl/agp/
|
| 942 |
|
|
|c CR
|